Score 0/24 Timer 05:00
2 Plays Today
% Correct
Albert Einstein
97.4%
Abraham Lincoln
95.9%
Adam Sandler
92.1%
Angelina Jolie
92%
Alec Baldwin
91.7%
Aretha Franklin
91.6%
Ariana Grande
85.8%
Ashley Olsen
78.5%
Anna Kendrick
77.6%
Al Pacino
77.6%
Andre Agassi
76.4%
Al Yankovic
76%
% Correct
Alexander Hamilton
70.9%
Anderson Cooper
69.7%
Alex Rodriguez
60.4%
Allen Iverson
53.3%
Andy Dick
51.6%
Alanis Morissette
51.4%
Anthony Quinn
42.1%
Adam West
37.4%
Abe Vigoda
27.6%
Alfred Nobel
19.1%
Alan Turing
17.1%
Adrian Zmed
7.2%
Remove Ads.
Support Sporcle.
Get the best of Sporcle when you Go Orange. This ad-free experience offers more features, more stats, and more fun while also helping to support Sporcle. Thank you for becoming a member.

You're not logged in!

Compare scores with friends on all Sporcle quizzes.
OR
Log In

Show Comments

Extras

Top Quizzes Today


Score Distribution

Your Account Isn't Verified!

In order to create a playlist on Sporcle, you need to verify the email address you used during registration. Go to your Sporcle Settings to finish the process.

Report this User

Report this user for behavior that violates our Community Guidelines.

Details: